000 00384nam a22001457a 4500
999 _c1125
_d1125
008 200110b ||||| |||| 00| 0 eng d
082 0 0 _a669
_bE373
100 _9701
_aElberfeld, John.
245 1 0 _aMetallurgical materials and processes
_cby John Elberfeld
260 _aNew York
_bPrentice-Hall
_c1948
300 _axiv,188 p.
365 _d20.00
650 0 _aMetallurgy
942 _cBK